Custodios de arte colombiano : (Registro nro. 31025)
[ vista simple ]
| 000 -LEADER | |
|---|---|
| fixed length control field | 00973nam a22002297a 4500 |
| 003 - CONTROL NUMBER IDENTIFIER | |
| control field | OSt |
| 005 - DATE AND TIME OF LATEST TRANSACTION | |
| control field | 20250626124540.0 |
| 008 - FIXED-LENGTH DATA ELEMENTS--GENERAL INFORMATION | |
| fixed length control field | 250626b |||ao||| |||| 00| 0 spa d |
| 020 ## - INTERNATIONAL STANDARD BOOK NUMBER | |
| International Standard Book Number | 9789589040775 |
| 037 ## - SOURCE OF ACQUISITION | |
| Source of stock number/acquisition | Donación |
| 040 ## - CATALOGING SOURCE | |
| Original cataloging agency | CO-JMCR |
| Language of cataloging | spa |
| Transcribing agency | CO-JMCR |
| Description conventions | rda |
| Modifying agency | CO-JMCR |
| 041 0# - LANGUAGE CODE | |
| Language code of text/sound track or separate title | spa |
| 082 04 - DEWEY DECIMAL CLASSIFICATION NUMBER | |
| Classification number | 709.861 |
| Item number | R61c |
| Edition number | 23 |
| 100 1# - MAIN ENTRY--PERSONAL NAME | |
| Personal name | Rivadeneira Velásquez, Ricardo, |
| 9 (RLIN) | 44192 |
| 245 10 - TITLE STATEMENT | |
| Title | Custodios de arte colombiano : |
| Remainder of title | bancos y entidades financieras / |
| Statement of responsibility, etc. | textos introducción capítulos Ricardo G. Rivadeneira Velásquez ; prefacio y selección de obras Nelson Osorio Lozano ; fotografías Patricia Rincón Mautner. |
| 264 ## - PRODUCTION, PUBLICATION, DISTRIBUTION, MANUFACTURE, AND COPYRIGHT NOTICE | |
| Place of production, publication, distribution, manufacture | Bogotá : |
| Name of producer, publisher, distributor, manufacturer | MNR Comunicaciones & Ediciones, Asobancaria, |
| Date of production, publication, distribution, manufacture, or copyright notice | 2019. |
| 300 ## - PHYSICAL DESCRIPTION | |
| Extent | 235 páginas : |
| Other physical details | fotos a color, ilustraciones ; |
| Dimensions | 31 cm. |
| 500 ## - GENERAL NOTE | |
| General note | Incluye índice de obras. |
| 700 1# - ADDED ENTRY--PERSONAL NAME | |
| Personal name | Osorio Lozano, Nelson, |
| Relator term | prefacio y selección. |
| 9 (RLIN) | 44193 |
| 700 1# - ADDED ENTRY--PERSONAL NAME | |
| Personal name | Rincón Mautner, Patricia, |
| Relator term | fotografías. |
| 9 (RLIN) | 44194 |
| 942 ## - ADDED ENTRY ELEMENTS (KOHA) | |
| Source of classification or shelving scheme | Dewey Decimal Classification |
| Koha item type | Books |
| Withdrawn status | Lost status | Source of classification or shelving scheme | Damaged status | Not for loan | Collection code | Home library | Current library | Shelving location | Date acquired | Source of acquisition | Total Checkouts | Full call number | Barcode | Date last seen | Date last checked out | Copy number | Price effective from | Koha item type |
|---|---|---|---|---|---|---|---|---|---|---|---|---|---|---|---|---|---|---|
| Dewey Decimal Classification | Non-fiction | Biblioteca Pública José María del Castillo y Rada | Biblioteca Pública José María del Castillo y Rada | Book Cart | 06/04/2025 | Donación | 1 | 709.861 R61c | 201812685 | 10/29/2025 | 10/29/2025 | Ej.1 | 06/26/2025 | Books |